Dactylographie rapide : A-Z - Statistiques

Statistiques générales
  • Ce quiz a été pris 1 520 fois
  • Le résultat moyen est 24 sur 26
Statistiques - réponses
Lettres % Correct
A
100%
B
97%
E
97%
C
95%
D
95%
F
93%
G
92%
I
92%
H
91%
J
91%
O
91%
Z
91%
K
90%
L
90%
M
90%
N
90%
R
90%
P
89%
Q
89%
T
89%
U
89%
S
88%
Y
88%
V
87%
W
87%
X
87%
Aucun quiz correspondant
Distribution des résultats
% des personnes avec chaque résultat
Percentile par nombre de réponses
Votre historique - résultats
Vous n’avez pas pris ce quiz